000 01220nmm a2200373 a 4500
001 ocm0002347938
003 TR-IsHL
005 20201028185603.0
008 190823s2017 tu tur
007 cr cn
020 _a9786059902731
035 _a2347938
_b(N$T)
050 0 4 _aBL312
_b.M585 2017
090 0 4 _aBL312
_b.M585 2017
245 1 0 _aMitler ve efsaneler
_h[electronic resource] /
_cçevirmen Duygu Alçul; editör Selin Saraçoğlu
250 _a1. Baskı
260 _aİstanbul :
_bMaya Kitap,
_c2017
300 _a283 p.
500 _aOriginal title: Myths and legends of all nations
_x
650 4 _aFelsefe, Psikoloji ve Din
650 4 _aPhilosophy, Psychology and Religion
650 0 _aMitoloji
650 0 _aMythology
650 0 _aEfsaneler
650 0 _aLegends
650 0 _aEfsaneler
_x Resimli eserler
650 0 _aLegends
_x Pictorial works
650 0 _aMitoloji
_x Resimli eserler
650 0 _aMythology
_x Pictorial works
650 7 _aSOCIAL SCIENCE / Folklore & Mythology
_2bisacsh
700 1 _aAlçul, Duygu
700 1 _aSaraçoğlu, Selin
856 4 0 _uhttp://search.ebscohost.com/login.aspx?direct=true&scope=site&db=e011xww&AN=2347938
999 _c21530
_d21530